=LDR 00000nam 2200000 4500 =001 INLIS000000000034919 =005 20130612140818 =008 ***********************************ind** =035 ##$$0010-061300000034919 =041 ##$$a ind =082 ##$$a 028.2 =090 ##$$a 028.5, Tri b =100 ##$$a TRIMANSYAH, Bambang =245 ##$$a aBincang riang tentang buah-buahan, Bambang Trimansyah ; editor, Inayati Ashriyah =260 ##$$a 2007 $b Bogor =300 ##$$a 28 hlm, ilus, 24 cm =650 ##$$a Bacaan Kanak-kanak =700 ##$$a Ashriyah, Imayati =850 ##$$a NBPNMAT